| 000 | 01092nam a2200217Ia 4500 | ||
|---|---|---|---|
| 999 |
_c50836 _d50836 |
||
| 001 | 17790 | ||
| 003 | GE_BSU | ||
| 005 | 20200224123650.0 | ||
| 008 | 181216s1976en xx |||||||||||||| ||eng|| | ||
| 040 | _cGE_BSU | ||
| 041 | _aeng | ||
| 080 | _a353.03(73) P-97 | ||
| 245 |
_aPublic papers of the presidents of the United States Herbert Hoover. 1930 : _bContaining the Public Message, Speeches, and Statements of the President. January i to december 31,1930 |
||
| 264 |
_aWashington : _bUnited States government printing office, _c1976. |
||
| 300 |
_a832 p .: _c26 cm. |
||
| 653 | _aContaining the Public Message, Speeches, and Statements of the President. January i to december | ||
| 653 | _aPublic papers of the presidents of the United States | ||
| 653 | _aშეერთებული შტატების პრეზიდენტების ჰერბერტ ჰუვერის საჯარო ფურცლები. | ||
| 653 | _aსახელმწიფო ადმინისტრაციული მმართველობა | ||
| 942 |
_cBK _2udc |
||